| 000 | 00881 a2200253 4500 | ||
|---|---|---|---|
| 003 | OSt | ||
| 005 | 20180116192352.0 | ||
| 008 | 120601t xxu||||| |||| 00| 0 eng d | ||
| 020 | _a9781146923460 | ||
| 040 | _c0 | ||
| 082 | _a677.028 | ||
| 100 | 1 |
_aWatson, William. _93319 |
|
| 245 | 1 | 0 |
_aTextile design and colour; : _belementary weaves and figured fabrics / _cWilliam Watson. |
| 250 | _a3rd ed. | ||
| 260 |
_aNew York : _bLongmans, Green and co, _c1931. |
||
| 300 |
_a358 p. : _bill. ; _c25 cm. |
||
| 650 | 1 | 0 |
_aTextile design _93320 |
| 650 | 1 | 0 |
_aColor in the textile industries _93321 |
| 650 | 1 | 0 |
_aTextile industry _93322 |
| 650 | 1 | 0 |
_aTextile fabrics _93323 |
| 856 | 4 | 0 |
_3Amazon.com _uhttp://www.amazon.com/exec/obidos/ASIN/B0006ALMII/chopaconline-20 |
| 942 |
_aSADA _cBK _k677.028 WAT 1931 _2ddc |
||
| 999 |
_c352985 _d352985 |
||